LIBRARY & INFORMATION CENTRE, KCAET, TAVANUR

ONLINE PUBLIC ACCESS CATALOGUE (OPAC)

Poetical Works of John Keats / (Record no. 5116)

MARC details
000 -LEADER
fixed length control field 00270cam a2200109ua 4500
082 ## - DEWEY DECIMAL CLASSIFICATION NUMBER
Classification number 821
Item number KEA/PO
100 ## - MAIN ENTRY--AUTHOR NAME
Personal name Keats, John .
245 ## - TITLE STATEMENT
Title Poetical Works of John Keats /
260 ## - PUBLICATION, DISTRIBUTION, ETC. (IMPRINT)
Place of publication London :
Name of publisher Oxford University Press ,
Year of publication 1962.
300 ## - PHYSICAL DESCRIPTION
Number of Pages 477 ; .
942 ## - ADDED ENTRY ELEMENTS (KOHA)
Koha item type Books
Holdings
Withdrawn status Lost status Damaged status Home library Current library Date acquired Full call number Accession Number Koha item type
Withdrawn     KAUAET Malayalam University 07/04/2012 821 5035 Books
free website counter